A first course in linear model theory / (Record no. 125952)
[ view plain ]
| 000 -LEADER | |
|---|---|
| fixed length control field | 00666cam a2200229 i 4500 |
| 001 - CONTROL NUMBER | |
| control field | 22017504 |
| 005 - DATE AND TIME OF LATEST TRANSACTION | |
| control field | 20220330103502.0 |
| 008 - FIXED-LENGTH DATA ELEMENTS--GENERAL INFORMATION | |
| fixed length control field | 210430s2022 flua b 001 0 eng |
| 020 ## - INTERNATIONAL STANDARD BOOK NUMBER | |
| International Standard Book Number | 9781439858059 |
| 020 ## - INTERNATIONAL STANDARD BOOK NUMBER | |
| International Standard Book Number | 9781032101392 |
| 040 ## - CATALOGING SOURCE | |
| Transcribing agency | PK-LaUMT |
| 082 00 - DEWEY DECIMAL CLASSIFICATION NUMBER | |
| Classification number | 519.535 |
| Edition number | 23 |
| Item number | RAV-F |
| 100 1# - MAIN ENTRY--PERSONAL NAME | |
| Personal name | Ravishanker, Nalini |
| 245 12 - TITLE STATEMENT | |
| Title | A first course in linear model theory / |
| Statement of responsibility, etc | by Nalini Ravishanker, Zhiyi Chi and Dipak K. Dey |
| 250 ## - EDITION STATEMENT | |
| Edition statement | 2nd ed. |
| 260 ## - PUBLICATION, DISTRIBUTION, ETC. (IMPRINT) | |
| Place of publication, distribution, etc | Boca Raton : |
| Name of publisher, distributor, etc | CRC Press, |
| Date of publication, distribution, etc | 2022 |
| 300 ## - PHYSICAL DESCRIPTION | |
| Extent | xvi, 513 p. : |
| Other physical details | illustrations ; |
| Dimensions | 27 cm |
| 650 #0 - SUBJECT ADDED ENTRY--TOPICAL TERM | |
| Topical term or geographic name as entry element | Linear models (Statistics) |
| 700 1# - ADDED ENTRY--PERSONAL NAME | |
| Personal name | Chi, Zhiyi, |
| 700 1# - ADDED ENTRY--PERSONAL NAME | |
| Personal name | Dey, Dipak, |
| 942 ## - ADDED ENTRY ELEMENTS (KOHA) | |
| Koha item type | Books |
| Withdrawn status | Lost status | Damaged status | Home library | Current library | Date acquired | Full call number | Barcode | Date last seen | Price effective from | Koha item type |
|---|---|---|---|---|---|---|---|---|---|---|
| UMT Main Campus | UMT Main Campus | 2022-03-30 | 519.535 RAV-F | 142334 | 2023-10-05 | 2022-03-30 | Books |
